Состав, структура и свойства гидратированных кальциевых смазок-солидолов: автореферат диссертации на соискание ученой степени кандидата технических наук

Manylion Llyfryddiaeth
Prif Awdur: Ищук Ю. Л.
Awdur Corfforaethol: Московский институт нефтехимической и газовой промышленности им. И. М. Губкина (МИНХиГП)
Awduron Eraill: Синицын В. В. (научный руководитель)
Iaith:Rwseg
Cyhoeddwyd: Москва, 1965
Pynciau:
Fformat: Llyfr
KOHA link:https://koha.lib.tpu.ru/cgi-bin/koha/opac-detail.pl?biblionumber=168572

MARC

LEADER 00000nam0a2200000 4500
001 168572
005 20231031163140.0
035 |a (RuTPU)RU\TPU\book\182888 
090 |a 168572 
100 |a 20091029d1965 k y0rusy50 ca 
101 0 |a rus 
102 |a RU 
105 |a a dm 001zy 
200 1 |a Состав, структура и свойства гидратированных кальциевых смазок-солидолов  |e автореферат диссертации на соискание ученой степени кандидата технических наук  |f Ю. Л. Ищук  |g Московский институт нефтехимической и газовой промышленности им. И. М. Губкина (МИНХиГП) ; науч. рук. В. В. Синицын 
210 |a Москва  |d 1965 
215 |a 32с.  |c ил. 
320 |a Библиогр.: с. 31. 
610 1 |a смазки 
610 1 |a солидол 
610 1 |a состав 
610 1 |a структура 
610 1 |a свойства 
610 1 |a пластичные смазки 
610 1 |a промышленность 
610 1 |a жировое сырье 
610 1 |a авторефераты диссертаций 
675 |a 621.892  |v 3 
700 1 |a Ищук  |b Ю. Л. 
702 1 |a Синицын  |b В. В.  |4 727 
712 0 2 |a Московский институт нефтехимической и газовой промышленности им. И. М. Губкина (МИНХиГП)  |c (1958-1991)  |2 stltpush  |3 (RuTPU)RU\TPU\col\5781 
801 1 |a RU  |b 63413507  |c 20091029 
801 2 |a RU  |b 63413507  |c 20130527  |g RCR 
942 |c BK